000 00765nam2a22002171 4500
001 RU\NLR\A1SV\107904
005 20251203152403.2
035 _a(NLR Aleph) 009789257
090 _a13486707
_c13486707
100 _a20101012d1922 u y0rusy50 ca
101 0 _arus
200 0 _a№ 5
_e29 окт.
215 _a35 с.
461 1 _1001RU\NLR\A1SV\107899
_12000#$aБюллетень$fВЦИК 9 Созыва. 4 сессия$v№ 5
_910129494
_aРСФСР (9). Центральный исполнительный комитет (4 ; 1922)
_cМ.
_d1922
_fВЦИК 9 Созыва. 4 сессия
_tБюллетень
_v№ 5
801 0 _aRU
_bNLR
_c20101012
852 _aNLR
_j21/640-5
852 _aNLR
_j52/442-5
942 _cBOOK
980 _aA1SV
980 _aNB